Normal view
MARC view
Entry Personal Name
001 - CONTROL NUMBER
- control field: 1749
003 - CONTROL NUMBER IDENTIFIER
- control field: AM-YEHGA
005 - DATE AND TIME OF LATEST TRANSACTION
- control field: 20250617070431.0
008 - FIXED-LENGTH DATA ELEMENTS
- fixed length control field: 050518 a|ac|n|aab||||||||||||a |n|||||||
040 ## - CATALOGING SOURCE
- Original cataloging agency: AM-YEHGA
100 1# - HEADING--PERSONAL NAME
- Personal name: Սուրենյան, Կարպիս Հովհաննեսի,
- Dates associated with a name: 1925 -2011
400 1# - SEE FROM TRACING--PERSONAL NAME
- Personal name: Սուրենյան, Կարպիս,
- Dates associated with a name: 1925 -2011
400 1# - SEE FROM TRACING--PERSONAL NAME
- Personal name: Սուրենյան, Կ.
- Fuller form of name: (Կարպիս),
- Dates associated with a name: 1925 -2011
400 1# - SEE FROM TRACING--PERSONAL NAME
- Personal name: Суренян, Карпис Оганесович,
- Dates associated with a name: 1925 -2011
400 1# - SEE FROM TRACING--PERSONAL NAME
- Personal name: Surenyan, Karpis Hovhannesi,
- Dates associated with a name: 1925 -2011
670 ## - SOURCE DATA FOUND
- Source citation: Հայկական համառոտ հանրագիտարան, 2003 :
- Information found: Հ. 4 (Սուրենյան (Սարկավագյան) Կարպիս Հովհաննեսի (ծ. 21.8.1925, Աթենք), արձակագիր, թարգմանիչ):
670 ## - SOURCE DATA FOUND
- Source citation: Բնիկ որտեղացի եք, 1969 :
- Information found: տիտղթ. (Կարպիս Հովհաննեսի Սուրենյան)
670 ## - SOURCE DATA FOUND
- Source citation: Արևորդիներ, 1979 :
- Information found: տիտղթ. (Կարպիս Սուրենյան)
670 ## - SOURCE DATA FOUND
- Source citation: Ասք Ֆորսայթների մասին = The Forsyte saga, 1975 :
- Information found: տիտղթ. (անգլ. թարգմ.՝ Կ. Սուրենյան)
670 ## - SOURCE DATA FOUND
- Source citation: Պսակ թարգմանական, 2001 :
- Information found: տիտղթ. (Կարպիս Սուրենյան)
ՀՀ Գիտությունների ազգային ակադեմիայի հիմնարար գիտական գրադարան = Fundamental Scientific Library of NAS RA
All site content, except where otherwise noted, is licensed under a